1533 1737 1623 1502 1948 1670 1449 1675 1667 1113 1011 1914 1158 1949 1517 1015 1101 1968 1494 1632 1615 1491 1007 1263 1651 1542 1403 1787 1506 1295 1505 1071 1062 1329 1508 1999 1263 1186 1655 1945 1826 1969 1944 1789 1491 1471 1395 1602 1581 1014 1893 1211 1501 1426 1847 1461 1858 1901 1186 1249 1774 1672 1262 1626 1205 1932 1652 1253 1540 1308 1049 1058 1200 1708 1648 1063 1677 1590 1009 1782 1857 1312 1856 1662 1243 1782 1741 1199 1800 1327 1864 1870 1126 1479 1676 1350 1975 1040 1226 BCNSPRNW ULIB Ver.6.0+V

เปลี่ยนเป็นภาษาไทย

Change to English
 แสดงรายละเอียดบรรณานุกรม
  กลับหน้าหลัก

Brief Record : Get Marc (ISO 2709) : E-mail record : QR code < ปิดหน้าต่าง
LEADER : 00000nam 2200000uu 4500
001    13399111146
003     ULIB
008    110616s||||||||th 000 0 tha d
020    9786117058028
050  4 BF637.S8^bล979ค 252553
100 0  ไล่ชูฮุ่ย
245 10 ความสุขคือการเลือกอย่างหนึ่ง /^cผู้เขียน,ไล่ชูฮุ่ย
250    พิมพ์ครั้งที่ 1
260    กรุงเทพฯ :^bbe Bright,^c2553
300    199 หน้า
650  7 เพิ่มพลังใจ
650  7 ความสุข
650  7 อารมณ์ขัน
710 1  be Bright
945    ^p150^l0^i028930
995    ทศพร
999 ^a ใช้งานได้ทุกระบบ
รายการนี้ยังไม่มีแท็ก
คุณยังไม่ได้ล็อกอิน คุณสามารถมีกิจกรรมร่วมกับเว็บไซต์ได้ แต่ต้องล็อกอินก่อน ::
  ล็อกอิน

รายการสื่อสารสนเทศ

ลำดับที่ ประเภท เลขเรียก/บาร์โค้ด สถานที่ สถานะ
- ไม่พบข้อมูล -

รายการใกล้เคียง
    หัวเรื่อง [ความสุข]

BibComment


ยังไม่เคยถูกคอมเมนท์

คอมเมนท์ทรัพยากรรายการนี้
  คอมเมนท์: ความสุขคือการเลือ..


 Copyright 2026. Bcnsprnw @Library